Advanced engineering thermodynamics
Adrian Bejan's Advanced Engineering Thermodynamics established itself as the definitive volume on this challenging subject. Now, his Third Edition builds on the success of its trailblazing predecessors by providing state-of-the-art coverage in a slimmer, more convenient book.
Uloženo v:
| Hlavní autor: | |
|---|---|
| Médium: | Kniha |
| Jazyk: | Undetermined |
| Vydáno: |
Hoboken
John Wiley & Sons, Inc.
2006
|
| Témata: | |
| Tagy: |
Přidat tag
Žádné tagy, Buďte první, kdo otaguje tento záznam!
|
| Thư viện lưu trữ: | Trung tâm Học liệu Trường Đại học Cần Thơ |
|---|
| LEADER | 00916nam a2200229Ia 4500 | ||
|---|---|---|---|
| 001 | CTU_164149 | ||
| 008 | 210402s9999 xx 000 0 und d | ||
| 020 | |c 165 | ||
| 082 | |a 621.4021 | ||
| 082 | |b B423 | ||
| 100 | |a Bejan, Adrian | ||
| 245 | 0 | |a Advanced engineering thermodynamics | |
| 245 | 0 | |c Adrian Bejan | |
| 260 | |a Hoboken | ||
| 260 | |b John Wiley & Sons, Inc. | ||
| 260 | |c 2006 | ||
| 520 | |a Adrian Bejan's Advanced Engineering Thermodynamics established itself as the definitive volume on this challenging subject. Now, his Third Edition builds on the success of its trailblazing predecessors by providing state-of-the-art coverage in a slimmer, more convenient book. | ||
| 526 | |a Nguyên lý các quá trình chế biến thực phẩm | ||
| 526 | |b NN670 | ||
| 650 | |a Thermodynamics | ||
| 904 | |i AThu, dthtrang, Giang | ||
| 980 | |a Trung tâm Học liệu Trường Đại học Cần Thơ | ||